[Event "Moscow-ch qual KO"]
[Site "Moscow"]
[Date "2006.03.22"]
[Round "2.1"]
[White "Rustemov, Alexander"]
[Black "Potkin, Vladimir"]
[Result "1-0"]
[WhiteElo "2573"]
[BlackElo "2557"]
[PlyCount "103"]
[EventDate "2006.03.20"]
[EventType "k.o."]
[EventRounds "2"]
[EventCountry "RUS"]
[Source "ChessBase"]
[SourceDate "2006.05.09"]

1. d4 Nf6 2. c4 e6 3. g3 d5 4. Bg2 dxc4 5. Nf3 a6 6. O-O Nc6 7. e3 Bd7 8. Qe2
b5 9. Rd1 Bd6 10. e4 Be7 11. d5 exd5 12. exd5 Nb4 13. Ne5 O-O 14. a3 Nd3 15.
Nxd3 Bg4 16. Bf3 Bxf3 17. Qxf3 cxd3 18. Nc3 Nd7 19. Bf4 Bd6 20. Rxd3 Re8 21.
Rd2 Ne5 22. Bxe5 Rxe5 23. Ne4 Qe7 24. Nxd6 Qxd6 25. Rc2 Rxd5 26. Rac1 Rc8 27.
Rc6 Qd7 28. Rxa6 c5 29. Ra7 Qe6 30. Re7 Qxe7 31. Qxd5 g6 32. b4 c4 33. Qxb5 Qe4
34. Qd7 Ra8 35. Qc7 Rxa3 36. Qxc4 Qxc4 37. Rxc4 Rb3 38. h4 h5 39. Kf1 Rb2 40.
Ke1 Kg7 41. Rf4 f6 42. Kd1 g5 43. Kc1 Re2 44. Rc4 Rxf2 45. b5 Rf5 46. Rb4 Kf7
47. b6 Rc5+ 48. Kd2 Rc8 49. Ke3 Ke6 50. b7 Rb8 51. Ke4 f5+ 52. Kf3 1-0

[Event "RUS-chT 13th"]
[Site "Sochi"]
[Date "2006.04.20"]
[Round "1"]
[White "Dyachkov, Sergej"]
[Black "Tkachiev, Vladislav"]
[Result "0-1"]
[WhiteElo "2548"]
[BlackElo "2643"]
[PlyCount "80"]
[EventDate "2006.04.20"]
[EventType "team"]
[EventRounds "11"]
[EventCountry "RUS"]
[Source "ChessBase"]
[SourceDate "2006.05.09"]

1. d4 Nf6 2. c4 e6 3. g3 d5 4. Bg2 Bb4+ 5. Nd2 O-O 6. Ngf3 b6 7. O-O Bb7 8.
cxd5 exd5 9. Ne5 Re8 10. Ndf3 h6 11. Bf4 Bf8 12. Qb3 Na6 13. Nd3 Qe7 14. Be5
Ne4 15. Rad1 Rad8 16. Nh4 c5 17. Nf4 cxd4 18. Bxd4 Nac5 19. Qf3 Ne6 20. Nf5 Qg5
21. Nxe6 fxe6 22. Nh4 Nd2 23. Rxd2 Qxd2 24. e3 Ba6 25. Bc3 Qe2 26. Qf4 Qh5 27.
Re1 Qf7 28. Qa4 Bd3 29. Nf3 Bd6 30. Ne5 Bxe5 31. Bxe5 Rc8 32. Qd4 Rc2 33. f3
Qg6 34. e4 dxe4 35. fxe4 Re2 36. Rxe2 Bxe2 37. Bd6 Rd8 38. Qb4 Qg5 39. h4 Qe3+
40. Kh2 Bf3 0-1

[Event "Pardubice op-A"]
[Site "Pardubice"]
[Date "2006.07.25"]
[Round "5"]
[White "Simacek, Pavel"]
[Black "Potkin, Vladimir"]
[Result "1/2-1/2"]
[WhiteElo "2500"]
[BlackElo "2556"]
[PlyCount "30"]
[EventDate "2006.07.21"]
[EventType "swiss"]
[EventRounds "9"]
[EventCountry "CZE"]
[Source "ChessBase"]
[SourceDate "2006.09.14"]

1. d4 Nf6 2. c4 e6 3. g3 d5 4. Bg2 dxc4 5. Nf3 a6 6. O-O Nc6 7. e3 Bd7 8. Qe2
b5 9. Nc3 Bd6 10. e4 Be7 11. d5 Nb4 12. Ne5 O-O 13. a3 Nd3 14. Nxd3 cxd3 15.
Qxd3 Bd6 1/2-1/2

[Event "Corus B"]
[Site "Wijk aan Zee NED"]
[Date "2007.01.19"]
[Round "6"]
[White "Eljanov, P."]
[Black "Werle, J."]
[Result "1-0"]
[WhiteElo "2675"]
[BlackElo "2566"]
[PlyCount "91"]
[EventDate "2007.01.13"]
[SourceDate "1999.07.01"]

1. d4 Nf6 2. c4 e6 3. g3 d5 4. Bg2 Bb4+ 5. Nd2 O-O 6. Ngf3 c6 7. O-O b6 8. Qc2
Bb7 9. e4 Na6 10. a3 Be7 11. b4 c5 12. cxd5 exd5 13. e5 Nd7 14. h4 Nc7 15. dxc5
bxc5 16. Nb3 Rc8 17. Ng5 g6 18. Nxc5 Nxc5 19. bxc5 Ne6 20. Nxe6 fxe6 21. Be3
Ba6 22. Rfd1 Qa5 23. Bh3 Rc6 24. Rab1 Kh8 25. Rdc1 Rfc8 26. Qb2 Bd3 27. Qb4 Qc7
28. Rb2 Be4 29. f4 Kg7 30. Qb7 Qd8 31. Bd4 R8c7 32. Qb8 Qxb8 33. Rxb8 Bxc5 34.
Rxc5 Rxc5 35. Bxc5 Rxc5 36. Rb7+ Kf8 37. Bxe6 Rc3 38. g4 Rxa3 39. f5 gxf5 40.
gxf5 Ra6 41. Rf7+ Ke8 42. Rxh7 Rxe6 43. Rh8+ Kd7 44. fxe6+ Kxe6 45. Re8+ Kf5
46. h5 1-0

[Event "DMP Ekstraliga"]
[Site "Karpacz POL"]
[Date "2008.09.07"]
[Round "2"]
[White "Miton, K."]
[Black "Gajewski, G."]
[Result "1-0"]
[WhiteElo "2580"]
[BlackElo "2575"]
[PlyCount "79"]
[EventDate "2008.09.06"]
[SourceDate "1999.07.01"]

1. d4 Nf6 2. c4 e6 3. g3 d5 4. Bg2 Bb4+ 5. Bd2 Be7 6. Nf3 O-O 7. O-O c6 8. Qc2
Nbd7 9. Bf4 a5 10. Ne5 Nxe5 11. Bxe5 b5 12. cxb5 cxb5 13. Rc1 Ba6 14. Qc6 b4
15. e3 Qd7 16. Nd2 Rfc8 17. Qb6 Ne8 18. Rxc8 Qxc8 19. e4 Bd8 20. Qc5 Qxc5 21.
dxc5 f6 22. Bf4 d4 23. e5 Rc8 24. Nf3 g5 25. Bd2 Rxc5 26. Nxd4 Kf7 27. Be3 Bb6
28. Nb3 Rb5 29. Bf1 Bxe3 30. Bxb5 Bxf2+ 31. Kxf2 Bxb5 32. Nxa5 fxe5 33. Rc1 Nf6
34. Rc7+ Kg6 35. Nc4 Ng4+ 36. Kg1 e4 37. h3 Nf6 38. Rc5 Ba6 39. Ne5+ Kf5 40.
Nc6+ 1-0

[Event "DMP Ekstraliga"]
[Site "Karpacz POL"]
[Date "2008.09.14"]
[Round "9"]
[White "Miton, K."]
[Black "Bartel, Mat"]
[Result "1/2-1/2"]
[WhiteElo "2580"]
[BlackElo "2579"]
[PlyCount "53"]
[EventDate "2008.09.06"]
[SourceDate "1999.07.01"]

1. d4 Nf6 2. c4 e6 3. g3 d5 4. Bg2 dxc4 5. Nf3 Bb4+ 6. Bd2 a5 7. O-O Nc6 8. e3
Rb8 9. Bxb4 axb4 10. Nfd2 Na5 11. Qa4+ c6 12. Qxb4 Nd5 13. Qa3 b5 14. e4 Ne7
15. Qe3 O-O 16. Nc3 Qb6 17. Nf3 Nb7 18. b4 cxb3 19. axb3 c5 20. Rfd1 Nc6 21.
Bf1 cxd4 22. Nxd4 Nxd4 23. Qxd4 Qxd4 24. Rxd4 Nc5 25. Rb1 b4 26. Rc4 Nd7 27.
Na2 1/2-1/2

[Event "4th ch-EU"]
[Site "Liverpool ENG"]
[Date "2008.09.15"]
[Round "7"]
[White "L'Ami, E."]
[Black "Sulskis, S."]
[Result "1-0"]
[WhiteElo "2610"]
[BlackElo "2562"]
[PlyCount "73"]
[EventDate "2008.09.09"]
[SourceDate "1999.07.01"]

1. d4 Nf6 2. c4 e6 3. g3 d5 4. Bg2 dxc4 5. Nf3 a6 6. O-O Nc6 7. Nc3 Rb8 8. e4
Be7 9. Qe2 b5 10. Rd1 O-O 11. d5 exd5 12. e5 d4 13. exf6 Bxf6 14. Qe4 Nb4 15.
Nxd4 Bb7 16. Nc6 Qc8 17. Ne7+ Bxe7 18. Qxe7 Bxg2 19. Kxg2 Nd3 20. Rxd3 cxd3 21.
Bf4 b4 22. Nd5 Re8 23. Qc5 Kh8 24. Nxc7 Re2 25. Rd1 Rc2 26. Qd6 Qb7+ 27. Kg1
Qf3 28. Rf1 Rc8 29. Nxa6 d2 30. Nxb4 Rxb2 31. Bxd2 h5 32. Qd4 Qf6 33. Qd5 h4
34. Qh5+ Kg8 35. Nd5 Qd6 36. Bc3 Rxc3 37. Nxc3 1-0

[Event "Margaryan Mem 2013"]
[Site "Yerevan ARM"]
[Date "2013.01.08"]
[Round "1.2"]
[White "Baryshpolets, A."]
[Black "Kravtsiv, M."]
[Result "1/2-1/2"]
[WhiteElo "2502"]
[BlackElo "2589"]
[PlyCount "91"]
[EventDate "2013.01.08"]
[SourceDate "1999.07.01"]

1. d4 Nf6 2. c4 e6 3. g3 d5 4. Bg2 Bb4+ 5. Nd2 O-O 6. Ngf3 dxc4 7. Qc2 a5 8.
Qxc4 b6 9. Qc2 Ba6 10. a3 Be7 11. Nc4 c5 12. dxc5 Bxc5 13. Be3 Bxe3 14. Nxe3
Nbd7 15. Nd4 Rc8 16. Qd1 Nc5 17. O-O a4 18. Rc1 Rc7 19. Nf3 Qxd1 20. Rfxd1 Bxe2
21. Rd6 Bxf3 22. Bxf3 Rb8 23. Rcd1 Kf8 24. Nc4 Ncd7 25. Bc6 b5 26. Na5 Ne5 27.
f4 Nc4 28. Nxc4 bxc4 29. R1d2 Ke7 30. Bxa4 Rxb2 31. Rxe6+ fxe6 32. Rxb2 Ra7 33.
Bb5 c3 34. Rb3 Rc7 35. Rb1 Nd5 36. Kf2 h6 37. Bd3 Kd6 38. Ke2 Ra7 39. Ra1 Kc5
40. h4 Rb7 41. Rb1 Ra7 42. Ra1 Kd4 43. Bb5 Rc7 44. Rd1+ Kc5 45. Bd3 Ra7 46. Ra1
1/2-1/2

[Event "O2C Doeberl Cup Premier 2013"]
[Site "Canberra AUS"]
[Date "2013.03.31"]
[Round "8.1"]
[White "Li Chao2"]
[Black "Sethuraman, S."]
[Result "1-0"]
[WhiteElo "2686"]
[BlackElo "2532"]
[PlyCount "161"]
[EventDate "2013.03.28"]
[SourceDate "1999.07.01"]

1. d4 Nf6 2. c4 e6 3. g3 d5 4. Bg2 Bb4+ 5. Bd2 Be7 6. Nf3 O-O 7. O-O Nbd7 8.
Qb3 Nb6 9. c5 Nc4 10. Qc2 Nxd2 11. Nbxd2 c6 12. b4 a5 13. a3 b6 14. Ne5 Bb7 15.
Rfb1 Qc7 16. e3 axb4 17. axb4 b5 18. Qc3 Nd7 19. Nd3 Rxa1 20. Rxa1 Ra8 21.
Rxa8+ Bxa8 22. Qa1 Bb7 23. Qa7 Qb8 24. Qxb8+ Nxb8 25. Nb3 Bd8 26. f3 f6 27. e4
Bc8 28. Kf2 Kf7 29. Ke3 Bc7 30. Nbc1 e5 31. Ne2 dxe4 32. Kxe4 g6 33. dxe5 Bf5+
34. Kd4 Na6 35. Nec1 fxe5+ 36. Nxe5+ Bxe5+ 37. Kxe5 Ke7 38. f4 Nxb4 39. Nb3
Nd3+ 40. Kd4 Nb4 41. Kc3 Na2+ 42. Kd2 Nb4 43. Nd4 Bd7 44. Kc3 Na6 45. Bxc6 Nxc5
46. Bxd7 Nxd7 47. Nxb5 Kf6 48. Nd6 Ke6 49. Ne4 Kf5 50. Kd4 h6 51. Ke3 g5 52.
Kf3 gxf4 53. gxf4 h5 54. Ng3+ Kg6 55. h4 Nf6 56. f5+ Kh6 57. Kf4 Ng4 58. Ne2
Nh2 59. Nd4 Kg7 60. Nf3 Ng4 61. Kg5 Nf6 62. Nd2 Kf7 63. Nf1 Ne4+ 64. Kf4 Nf2
65. Ng3 Nh3+ 66. Ke5 Nf2 67. Nxh5 Nd3+ 68. Ke4 Nc5+ 69. Kf4 Nd3+ 70. Kg5 Ne5
71. Ng3 Nf3+ 72. Kg4 Ne5+ 73. Kf4 Nd3+ 74. Kg5 Ne5 75. h5 Kg7 76. f6+ Kf7 77.
Ne4 Nf3+ 78. Kg4 Nd4 79. Kf4 Nc6 80. Kg5 Ne5 81. Kf5 1-0